[Event "Championnat de Paris open Fide"]
[Site "Paris"]
[Date "2016.07.17"]
[Round "9.5"]
[White "Sochacki, Christophe"]
[Black "Loiseau, Quentin"]
[Result "1/2-1/2"]
[WhiteElo "2414"]
[BlackElo "2436"]
[PlyCount "39"]
[EventDate "2016.??.??"]

1. b3 e5 2. Bb2 Nc6 3. e3 Nf6 4. Bb5 Bd6 5. Na3 e4 6. Nc4 Be7 7. Bxc6 bxc6 8.
Ne2 O-O 9. O-O d5 10. Ne5 Bd6 11. Nxc6 Bxh2+ 12. Kxh2 Qd6+ 13. Kg1 Ng4 14. Nf4
Qh6 15. Ne7+ Kh8 16. Nh3 Qd6 17. Nf4 Qh6 18. Nh3 Qd6 19. Nf4 Qh6 20. Ne2
1/2-1/2

[Event "Championnat de Paris open Fide"]
[Site "Paris"]
[Date "2016.07.17"]
[Round "9.6"]
[White "Mohammad Nubairshah"]
[Black "Antonio, Viani D'Cunha"]
[Result "0-1"]
[WhiteElo "2415"]
[BlackElo "2305"]
[PlyCount "156"]
[EventDate "2016.??.??"]

1. d4 Nf6 2. c4 g6 3. Nc3 Bg7 4. e4 d6 5. Nf3 O-O 6. h3 c5 7. d5 e6 8. Bd3 exd5
9. cxd5 Re8 10. O-O b6 11. Re1 Ba6 12. Bf4 c4 13. Bc2 b5 14. a3 Nh5 15. Bg5 Qb6
16. Be3 Qb7 17. g4 Nf6 18. Bf4 Bf8 19. Nd4 Nbd7 20. Bg3 Nc5 21. f4 b4 22. axb4
Qxb4 23. Qd2 Bg7 24. Bf2 Bb7 25. Rad1 Rac8 26. Ndb5 Nd3 27. Bxd3 cxd3 28. Nxa7
Rc4 29. e5 dxe5 30. fxe5 Nxd5 31. Nxd5 Rxg4+ 32. Kh2 Bxd5 33. Qxb4 Rxb4 34.
Rxd3 Rxe5 35. Red1 Rxb2 36. Rxd5 Rxf2+ 37. Kg3 Ree2 38. Rd8+ Bf8 39. Nb5 Kg7
40. Nc3 Rg2+ 41. Kf3 Rgf2+ 42. Kg3 Rg2+ 43. Kf3 Ref2+ 44. Ke4 Rg3 45. R1d3 Rxd3
46. Rxd3 Be7 47. Rd7 Bg5 48. Rd3 f5+ 49. Kd5 Bf6 50. Nb5 g5 51. Ra3 Re2 52. Nd6
Re5+ 53. Kc6 Be7 54. Ra7 Kg6 55. Nc8 Bf6 56. Nd6 g4 57. hxg4 fxg4 58. Ra8 h5
59. Ra2 h4 60. Nc4 Re1 61. Rg2 h3 62. Rxg4+ Kf5 63. Rg3 h2 64. Nd6+ Kf4 65. Rh3
h1=Q+ 66. Rxh1 Rxh1 67. Kd5 Be5 68. Nc4 Rh5 69. Ke6 Ke4 70. Nd2+ Ke3 71. Nc4+
Kd4 72. Na5 Rh6+ 73. Kd7 Kd5 74. Nb7 Rh7+ 75. Kc8 Rc7+ 76. Kb8 Kc6 77. Ka8 Rc8+
78. Ka7 Bd4+ 0-1

[Event "Championnat de Paris open Fide"]
[Site "Paris"]
[Date "2016.07.17"]
[Round "9.7"]
[White "Philippe, Guillaume"]
[Black "Konguvel, Ponnuswamy"]
[Result "1/2-1/2"]
[WhiteElo "2321"]
[BlackElo "2379"]
[PlyCount "68"]
[EventDate "2016.??.??"]

1. e4 c5 2. Nf3 d6 3. g3 Nf6 4. d3 Nc6 5. Bg2 g6 6. O-O Bg7 7. Re1 O-O 8. Nc3
Rb8 9. a4 a6 10. e5 dxe5 11. Nxe5 Nxe5 12. Rxe5 Ng4 13. Re2 c4 14. h3 cxd3 15.
Qxd3 Ne5 16. Qxd8 Rxd8 17. Bf4 f6 18. g4 Be6 19. Ree1 b6 20. Red1 Kf7 21. Bxe5
fxe5 22. Ne4 h6 23. Bf1 a5 24. f3 Bd5 25. Kf2 e6 26. Ke3 Bf8 27. Bb5 Rbc8 28.
c3 Bb3 29. Rxd8 Rxd8 30. Nd2 Bc5+ 31. Ke2 Bd5 32. Rd1 Ke7 33. Ne4 Bxe4 34. Rxd8
Bxf3+ 1/2-1/2

[Event "Championnat de Paris open Fide"]
[Site "Paris"]
[Date "2016.07.17"]
[Round "9.8"]
[White "Sundararajan, Kidambi"]
[Black "Eden, James"]
[Result "1/2-1/2"]
[WhiteElo "2456"]
[BlackElo "2293"]
[PlyCount "87"]
[EventDate "2016.??.??"]

1. e4 e5 2. Nf3 Nc6 3. Bb5 Nf6 4. d3 Bc5 5. Bxc6 dxc6 6. Nbd2 Bg4 7. h3 Bh5 8.
Qe2 Nd7 9. Nc4 Qe7 10. Be3 f6 11. O-O-O O-O-O 12. Kb1 Bf7 13. Nfd2 Kb8 14. f4
exf4 15. Bxf4 f5 16. Rhe1 Rhe8 17. Qf1 Bxc4 18. Nxc4 fxe4 19. Rxe4 Qf6 20. Qe1
Rxe4 21. Qxe4 Qd4 22. Bg5 Nf6 23. Qxd4 Bxd4 24. c3 h6 25. Bh4 g5 26. Bg3 Bc5
27. Be5 Nd5 28. Rf1 Rf8 29. Rxf8+ Bxf8 30. Kc1 Kc8 31. Kd2 Kd7 32. g4 Ke6 33.
Bg3 b6 34. Ke2 Bd6 35. Nxd6 cxd6 36. c4 Nf6 37. Bf2 Nd7 38. b3 Ne5 39. Ke3 Ng6
40. Bg3 Ne5 41. Kd4 Nf3+ 42. Ke3 Ne5 43. Be1 Ng6 44. Bg3 1/2-1/2

[Event "Championnat de Paris open Fide"]
[Site "Paris"]
[Date "2016.07.17"]
[Round "9.9"]
[White "Alfred, Nathan S W"]
[Black "Roser, Kevin"]
[Result "1-0"]
[WhiteElo "2264"]
[BlackElo "2394"]
[PlyCount "63"]
[EventDate "2016.??.??"]

1. d4 Nf6 2. Nf3 e6 3. c4 c5 4. d5 d6 5. Nc3 exd5 6. cxd5 g6 7. e4 Bg7 8. h3 a6
9. a4 Nbd7 10. Bd3 Nh5 11. g4 Nhf6 12. Bf4 h5 13. gxh5 Nxh5 14. Bxd6 Qb6 15. e5
Qxb2 16. Ne4 Nf4 17. Rb1 Qa2 18. e6 Nxd3+ 19. Qxd3 fxe6 20. Neg5 Nf8 21. Bxf8
Rxf8 22. Qxg6+ Kd8 23. O-O Qxd5 24. Qxg7 Rxf3 25. Nxf3 Qxf3 26. Rbd1+ Ke8 27.
Qg8+ Ke7 28. Rd8 Bd7 29. Rxa8 c4 30. Qg7+ Qf7 31. Qxf7+ Kxf7 32. a5 1-0

[Event "Championnat de Paris open Fide"]
[Site "Paris"]
[Date "2016.07.17"]
[Round "9.10"]
[White "Bergez, Luc"]
[Black "Justo, Damian"]
[Result "1-0"]
[WhiteElo "2341"]
[BlackElo "2304"]
[PlyCount "47"]
[EventDate "2016.??.??"]

1. e4 e6 2. d4 d5 3. Nc3 Bb4 4. Bd3 dxe4 5. Bxe4 Nf6 6. Bf3 c5 7. Nge2 cxd4 8.
Qxd4 Qxd4 9. Nxd4 a6 10. Bd2 Bc5 11. Nb3 Bb6 12. Na4 Bd8 13. Na5 Bxa5 14. Bxa5
Nfd7 15. O-O-O Nc6 16. Bxc6 bxc6 17. Rd6 O-O 18. Rxc6 Rb8 19. Bc3 Rb5 20. Rd1
Bb7 21. Rc7 Nf6 22. Bxf6 gxf6 23. Nc5 Bc8 24. Rd6 1-0

[Event "Championnat de Paris open Fide"]
[Site "Paris"]
[Date "2016.07.17"]
[Round "9.11"]
[White "Kulkarni, Rakesh"]
[Black "Kambrath, Yannick"]
[Result "1-0"]
[WhiteElo "2296"]
[BlackElo "2376"]
[PlyCount "101"]
[EventDate "2016.??.??"]

1. e4 c5 2. c3 Nf6 3. e5 Nd5 4. d4 cxd4 5. Nf3 e6 6. cxd4 d6 7. Bc4 Be7 8. O-O
O-O 9. Bd2 b6 10. Qe2 Bb7 11. Rd1 Nd7 12. Nc3 Nxc3 13. Bxc3 Qb8 14. d5 exd5 15.
Bxd5 Bxd5 16. Rxd5 Nxe5 17. Nxe5 dxe5 18. Bxe5 Qb7 19. Qg4 g6 20. Rd7 Qc8 21.
Rad1 Rd8 22. Bc3 Rxd7 23. Rxd7 Bc5 24. Qd1 Qc6 25. g3 Re8 26. Rxa7 Qe6 27. Qf3
b5 28. Ra8 b4 29. Rxe8+ Qxe8 30. Bf6 h5 31. Qf4 Qe1+ 32. Kg2 Qe6 33. b3 Kh7 34.
Bb2 Be7 35. Qe5 Qxe5 36. Bxe5 f6 37. Bd4 g5 38. Kf3 f5 39. Ke3 Bd6 40. Kd3 h4
41. gxh4 g4 42. Kc4 Kg6 43. Bc5 Bxc5 44. Kxc5 Kh5 45. Kxb4 Kxh4 46. a4 Kh3 47.
a5 Kxh2 48. a6 f4 49. a7 Kg2 50. a8=Q+ Kxf2 51. Qe4 1-0

[Event "Championnat de Paris open Fide"]
[Site "Paris"]
[Date "2016.07.17"]
[Round "9.12"]
[White "Song, Julien"]
[Black "Msellek, Ilyass"]
[Result "1/2-1/2"]
[WhiteElo "2338"]
[BlackElo "2209"]
[PlyCount "114"]
[EventDate "2016.??.??"]

1. Nf3 Nf6 2. b3 g6 3. Bb2 Bg7 4. g3 O-O 5. Bg2 d6 6. O-O e5 7. d3 Nc6 8. c4
Re8 9. Nfd2 Bf5 10. Ne4 Qd7 11. Nxf6+ Bxf6 12. Nc3 Bg7 13. Nd5 Rab8 14. Qd2 Ne7
15. e4 Be6 16. f4 c6 17. Nxe7+ Qxe7 18. f5 Bd7 19. Qf2 f6 20. Qxa7 c5 21. Qa5
b5 22. Qd2 b4 23. fxg6 hxg6 24. Qe2 Be6 25. Bf3 Qd7 26. Rf2 Rf8 27. Bc1 Ra8 28.
Be3 Kf7 29. Qd2 Rh8 30. Bg2 Ke7 31. Qc1 Ra3 32. Qc2 Raa8 33. Rb1 Ra6 34. Rb2
Bh3 35. Bxh3 Qxh3 36. Qe2 Bh6 37. Bxh6 Rxh6 38. Qf3 g5 39. Qe3 Ra3 40. Rf5 Qg4
41. Rbf2 Ra8 42. Qe2 Qxe2 43. Rxe2 g4 44. Ref2 Rb8 45. Re2 Ra8 46. Rf1 Ra3 47.
Rff2 Ke6 48. Kf1 Ke7 49. Ke1 Ke6 50. Kd1 Ke7 51. Kc1 Ke6 52. Kb1 Ke7 53. Rf5
Ke6 54. Ref2 Ke7 55. Kb2 Ke6 56. Kb1 Ke7 57. Kb2 Ke6 1/2-1/2

[Event "Championnat de Paris open Fide"]
[Site "Paris"]
[Date "2016.07.17"]
[Round "9.13"]
[White "Midonet, Matthieu"]
[Black "Manoeuvre, Antoine"]
[Result "1-0"]
[WhiteElo "2213"]
[BlackElo "2314"]
[PlyCount "120"]
[EventDate "2016.??.??"]

1. e4 c6 2. d4 d5 3. e5 a6 4. Nf3 Bg4 5. c4 e6 6. Be3 Ne7 7. Nc3 Nd7 8. c5 Nf5
9. h3 Bxf3 10. Qxf3 b6 11. b4 bxc5 12. bxc5 Qa5 13. Rc1 Qb4 14. Qd1 a5 15. Be2
a4 16. g4 Nxe3 17. fxe3 Be7 18. O-O O-O 19. Qd3 Qa5 20. Rb1 Rfd8 21. Rb2 f6 22.
exf6 Bxf6 23. Rc1 e5 24. Bf1 e4 25. Qc2 Bg5 26. Re1 Rf8 27. Bg2 Qc7 28. Qe2 Qg3
29. Rb7 Rf7 30. Nd1 Raf8 31. Kh1 Rf2 32. Nxf2 Rxf2 33. Qxf2 Qxf2 34. Rf1 Qxe3
35. Rxd7 Qxd4 36. Rc7 h5 37. gxh5 Qxc5 38. Rc8+ Bd8 39. Rxd8+ Kh7 40. Rff8 Kh6
41. Rf5 Qc1+ 42. Kh2 Kh7 43. Rff8 Kh6 44. Rf7 Qc3 45. Rh8+ Kg5 46. Rg8 Qe5+ 47.
Kh1 Kh6 48. Rgxg7 Qxg7 49. Rxg7 Kxg7 50. Kg1 Kh6 51. Kf2 Kxh5 52. Ke3 Kg5 53.
Kd4 a3 54. Bf1 Kh4 55. Ba6 Kxh3 56. Bb7 Kg4 57. Bxc6 Kf4 58. Bxd5 e3 59. Kd3
Kg3 60. Kd4 Kf2 1-0

[Event "Championnat de Paris open Fide"]
[Site "Paris"]
[Date "2016.07.17"]
[Round "9.14"]
[White "Louis, Thibault"]
[Black "Micottis, Dorian"]
[Result "1-0"]
[WhiteElo "2307"]
[BlackElo "2248"]
[PlyCount "79"]
[EventDate "2016.??.??"]

1. e4 c5 2. Nc3 e6 3. Nge2 a6 4. g3 Qc7 5. Bg2 Nf6 6. O-O Nc6 7. d4 cxd4 8.
Nxd4 Be7 9. h3 O-O 10. g4 d6 11. Nde2 b5 12. a3 Re8 13. f4 Nd7 14. Kh1 Bb7 15.
g5 g6 16. f5 Nce5 17. Nf4 Bf8 18. h4 Rac8 19. h5 Qc4 20. Be3 a5 21. hxg6 hxg6
22. Bd4 b4 23. axb4 axb4 24. Ra7 Qc6 25. Na2 Qb5 26. b3 Ra8 27. c4 bxc3 28.
Nxc3 Qb4 29. Rxa8 Bxa8 30. fxe6 fxe6 31. Nxg6 Nxg6 32. Qh5 Re7 33. Qxg6+ Bg7
34. Bxg7 Rxg7 35. Qxe6+ Kh7 36. g6+ Kh6 37. Rf3 Qa5 38. Rh3+ Kg5 39. Rg3+ Kh6
40. Bf3 1-0

[Event "Championnat de Paris open Fide"]
[Site "Paris"]
[Date "2016.07.17"]
[Round "9.15"]
[White "Iglesias, Joachim"]
[Black "Gahan M G"]
[Result "1-0"]
[WhiteElo "2281"]
[BlackElo "2249"]
[PlyCount "99"]
[EventDate "2016.??.??"]

1. d4 c5 2. c3 cxd4 3. cxd4 d5 4. Nf3 Nc6 5. Nc3 Nf6 6. Bf4 Bf5 7. e3 Qb6 8.
Qb3 Qxb3 9. axb3 a6 10. Ne5 Bd7 11. Nxd7 Kxd7 12. Na4 Ra7 13. Nc5+ Ke8 14. Rc1
Nd8 15. b4 e6 16. b5 Bxc5 17. Rxc5 axb5 18. Bxb5+ Nc6 19. O-O Kd7 20. Rfc1 Rc8
21. f3 Ra2 22. b3 Ng8 23. Ba4 Kd8 24. Rb5 Nce7 25. Rxc8+ Kxc8 26. Ra5 Kd8 27.
Ra8+ Nc8 28. Rb8 Ra1+ 29. Kf2 Ra2+ 30. Kf1 Ra1+ 31. Ke2 Ra2+ 32. Kd3 Rxg2 33.
Rxb7 Nce7 34. Bd6 Rf2 35. f4 Rxh2 36. Bxe7+ Nxe7 37. Rd7+ Ke8 38. Rxd5+ Nc6 39.
Bxc6+ Ke7 40. Rd7+ Kf6 41. b4 h5 42. b5 Rb2 43. Kc3 Rb1 44. Kc4 h4 45. Be4 Rb2
46. Kc5 h3 47. b6 h2 48. b7 Rb1 49. Rd8 Rc1+ 50. Kd6 1-0

[Event "Championnat de Paris open Fide"]
[Site "Paris"]
[Date "2016.07.17"]
[Round "9.16"]
[White "Aranaz Murillo, Amalia"]
[Black "Pruvot, Louis"]
[Result "1/2-1/2"]
[WhiteElo "2255"]
[BlackElo "2216"]
[PlyCount "50"]
[EventDate "2016.??.??"]

1. Nf3 d5 2. c4 c6 3. g3 Nf6 4. Bg2 Bg4 5. Ne5 Be6 6. cxd5 cxd5 7. Nc3 Nc6 8.
Nxc6 bxc6 9. d4 Bf5 10. Qa4 Qd7 11. Bg5 e6 12. O-O Rb8 13. Bc1 c5 14. dxc5 Bxc5
15. Qxd7+ Kxd7 16. Rd1 Ke8 17. b3 Bc2 18. Rd2 Bg6 19. Bb2 Ke7 20. Rdd1 Rhc8 21.
Rac1 Bd6 22. Na4 Bc2 23. Rd2 Bg6 24. Rdd1 Bc2 25. Rd2 Bg6 1/2-1/2

[Event "Championnat de Paris open Fide"]
[Site "Paris"]
[Date "2016.07.17"]
[Round "9.17"]
[White "Dubois, Loic"]
[Black "Salles, Louis"]
[Result "0-1"]
[WhiteElo "2271"]
[BlackElo "2207"]
[PlyCount "82"]
[EventDate "2016.??.??"]

1. e4 c5 2. Nc3 d6 3. f4 g6 4. Nf3 Bg7 5. Bc4 Nc6 6. O-O e6 7. d3 Nge7 8. Qe1
O-O 9. Bb3 Na5 10. e5 Nxb3 11. axb3 f5 12. Nb5 dxe5 13. fxe5 Bd7 14. Nd6 Bc6
15. Bg5 Qd7 16. b4 cxb4 17. Qh4 Nc8 18. Nc4 b5 19. Ncd2 a5 20. Rae1 Nb6 21. Nb3
Na4 22. Bh6 Bxh6 23. Qxh6 Qg7 24. Qc1 Bd5 25. Nbd4 Qd7 26. h4 Rac8 27. h5 gxh5
28. Kf2 b3 29. c3 Kh8 30. Rh1 Nc5 31. Ke2 Qg7 32. Rh2 f4 33. Reh1 Qg6 34. Qd2
Rf7 35. Nxb5 Rg8 36. Nd6 Rfg7 37. Ne1 Qg4+ 38. Kf1 f3 39. gxf3 Rf8 40. Ne4 Bxe4
41. Qf2 Bxf3 0-1

[Event "Championnat de Paris open Fide"]
[Site "Paris"]
[Date "2016.07.17"]
[Round "9.18"]
[White "Kathmale, Sameer"]
[Black "Maleki, Manuel"]
[Result "1-0"]
[WhiteElo "2298"]
[BlackElo "2248"]
[PlyCount "85"]
[EventDate "2016.??.??"]

1. e4 c5 2. c3 Nf6 3. e5 Nd5 4. Nf3 b6 5. Bc4 Bb7 6. O-O e6 7. d4 Be7 8. Nbd2
f5 9. exf6 gxf6 10. Ne4 O-O 11. Bh6 Rf7 12. Re1 Kh8 13. Nh4 Qg8 14. dxc5 bxc5
15. Nf5 Nb6 16. Nxe7 Rxe7 17. Bf1 Qg6 18. Nxc5 Bd5 19. Bf4 Nc6 20. b3 Rg8 21.
Bg3 Ne5 22. Rxe5 fxe5 23. Bxe5+ Reg7 24. g3 d6 25. Bxd6 Qf5 26. Qd3 Rf7 27.
Qxf5 Rxf5 28. Re1 Re8 29. c4 Bc6 30. Bh3 Rh5 31. Be5+ Kg8 32. Bxe6+ Kf8 33. f4
Nc8 34. Bd5 Bxd5 35. cxd5 Rh6 36. Bg7+ Kxg7 37. Rxe8 Nb6 38. Re7+ Kg8 39. Rxa7
Nxd5 40. Ra6 Rh5 41. Ne4 Kf7 42. Ra5 Kg6 43. g4 1-0

[Event "Championnat de Paris open Fide"]
[Site "Paris"]
[Date "2016.07.17"]
[Round "9.19"]
[White "Rabeyrin, Jean-Jacques"]
[Black "Duquesne, Adrien"]
[Result "1/2-1/2"]
[WhiteElo "2239"]
[BlackElo "2241"]
[PlyCount "125"]
[EventDate "2016.??.??"]

1. e4 c5 2. Nf3 d6 3. d4 cxd4 4. Nxd4 Nf6 5. Nc3 a6 6. Bg5 e6 7. f4 h6 8. Bh4
Qb6 9. a3 Nbd7 10. Bf2 Qc7 11. Nb3 b5 12. Bd3 Bb7 13. Qe2 Rc8 14. O-O Be7 15.
Bg3 O-O 16. e5 Nd5 17. Nxd5 Bxd5 18. Kh1 dxe5 19. fxe5 Bc4 20. Rf2 Bxd3 21.
cxd3 Nc5 22. Nd2 Qd7 23. Rf3 Rcd8 24. Raf1 Nxd3 25. Ne4 Nc5 26. Nd6 Bxd6 27.
exd6 Nb7 28. Rd1 Rc8 29. Be5 f6 30. Bc3 Rc6 31. Rfd3 Rd8 32. Bb4 Rdc8 33. h3
Rc1 34. Rxc1 Rxc1+ 35. Kh2 Rc6 36. Qd2 a5 37. Bxa5 Rxd6 38. Rxd6 Qxd6+ 39. Qxd6
Nxd6 40. b3 Kf7 41. Bb4 Ke7 42. a4 bxa4 43. bxa4 Kd7 44. Kg3 g6 45. Kf3 h5 46.
Ke3 Kc6 47. Kd3 e5 48. a5 f5 49. Bc3 e4+ 50. Ke3 g5 51. Bb4 f4+ 52. Kd4 e3 53.
Ke5 Kb5 54. Be1 Nc4+ 55. Kf5 Nb2 56. Kxg5 Nd3 57. Bh4 Kxa5 58. Kxh5 Kb5 59. Kg4
Kc4 60. Kf3 Kd5 61. Bd8 Ke5 62. Bc7+ Kf5 63. Bxf4 1/2-1/2